Normal view
MARC view
- American literature
Entry Topical Term
001 - CONTROL NUMBER
- control field: 45905
003 - CONTROL NUMBER IDENTIFIER
- control field: NUST
005 - DATE AND TIME OF LATEST TRANSACTION
- control field: 20210314133354.0
008 - FIXED-LENGTH DATA ELEMENTS
- fixed length control field: 210314|| aca||aabn | a|a d
040 ## - CATALOGING SOURCE
- Original cataloging agency: NUST
- Transcribing agency: NUST
150 ## - HEADING--TOPICAL TERM
- Topical term or geographic name entry element: American literature
670 ## - SOURCE DATA FOUND
- Source citation: Work cat.: (NUST): Adolorata,Mary. 45904, The growing years of American literature., [1961]
